000 00530nam a22001697a 4500
005 20251108173456.0
008 250721s2007 xx 000 0 ara d
082 1 4 _a635.9/ عبي
100 1 _aعبيد، هبة
245 1 0 _aفن الحديقة المنزلية /
264 1 _aعمان :
_bدار اليازوري العلمية للنشر و التوزيع،
_c2007.
300 _a240ص.
650 1 7 _aالحدائق المنزلية
650 1 7 _aالأنظمة الزراعية
942 _2ddc
_cBK
999 _c104776
_d104776